Library Banner

World directory of environmental organisation (Record no. 30201)

MARC details
000 -LEADER
fixed length control field 00445nam a2200169Ia 4500
001 - CONTROL NUMBER
control field 30074
008 - FIXED-LENGTH DATA ELEMENTS--GENERAL INFORMATION
fixed length control field 140416s9999 xx 000 0 und d
020 ## - INTERNATIONAL STANDARD BOOK NUMBER
International Standard Book Number 81-7024-856-6
040 ## - CATALOGING SOURCE
Transcribing agency PK-LaUMT
082 ## - DEWEY DECIMAL CLASSIFICATION NUMBER
Classification number R 304.2025
Item number VAN-W
100 ## - MAIN ENTRY--PERSONAL NAME
Personal name Vandana S.
245 ## - TITLE STATEMENT
Title World directory of environmental organisation
Statement of responsibility, etc Vandana S.
260 ## - PUBLICATION, DISTRIBUTION, ETC. (IMPRINT)
Place of publication, distribution, etc New Delhi,India:
Name of publisher, distributor, etc APH Publishing Corporation,
Date of publication, distribution, etc 1997
300 ## - PHYSICAL DESCRIPTION
Extent 606 p.
546 ## - LANGUAGE NOTE
Language note EN
942 ## - ADDED ENTRY ELEMENTS (KOHA)
Koha item type Books
Holdings
Withdrawn status Lost status Source of classification or shelving scheme Damaged status Not for loan Home library Current library Date acquired Total Checkouts Full call number Barcode Date last seen Price effective from Koha item type
Withdrawn   Dewey Decimal Classification Damaged Not For Loan UMT Main Campus UMT Main Campus 2014-04-16   R 304.2025 VAN-W 37584 2014-05-03 2014-05-03 Books